[Event "ChessKid Cup Play-In"]
[Site "chess.com INT"]
[Date "2023.05.01"]
[Round "9.20"]
[White "Keymer, Vincent"]
[Black "Kuzubov, Y."]
[Result "1-0"]
[WhiteElo "2700"]
[BlackElo "2624"]
[PlyCount "97"]
[EventDate "2023.05.01"]

1. Nf3 d5 2. e3 c5 3. b3 g6 4. Bb2 Nf6 5. c4 Bg7 6. cxd5 O-O 7. Bxf6 ({RR} 7. d6 exd6 8. Be2 d5 9. d4 Ne4 10. O-O Nc6 11. Na3 Re8 12. Rc1 b6 13. Qc2 Bb7 14. dxc5 Bxb2 15. Qxb2 bxc5 16. Rfd1 Nb4 17. Nb5 a6 18. Nc3 Qe7 19. a3 Nxc3 20. Rxc3 d4 21. exd4 Qxe2 {Serban,C (2332)-Wyss,J (2283) chess.com INT 2025 1-0 (49)}) 7... Bxf6 8. Nc3 Nd7 ({RR} 8... a6 9. Be2 Bg7 10. O-O b5 11. Rc1 Nd7 12. d4 Bb7 13. dxc5 Nxc5 14. Nxb5 axb5 15. Rxc5 Rxa2 16. Bxb5 Qb6 17. b4 Rb2 18. Bc6 Rxb4 19. Rc2 Ba6 20. Re1 Rd8 21. Nd4 Bc4 22. Qc1 Bd3 23. Rd2 {Anton Guijarro,D (2703)-Edouard,R (2649) Biel 2020 ½-½ (43)}) 9. Rc1 Nb6 $146 ({RR} 9... a6 10. a4 Nb6 11. Bc4 Bf5 12. Qe2 e6 13. dxe6 Nxc4 14. exf7+ Rxf7 15. Qxc4 Bd3 16. Qd5 b5 17. h4 b4 18. Qxd8+ Rxd8 19. Ne2 c4 20. Nf4 cxb3 21. Nxd3 Rxd3 22. Ke2 Rfd7 23. Rb1 b2 24. Rhd1 {Le,Q (2731)-Kuzubov,Y (2603) chess.com INT 2023 1-0 (47)}) 10. Ne4 Bg7 11. Nxc5 Nxd5 12. d4 b6 13. Nd3 b5 14. Qd2 a5 15. e4 Nb4 16. Nxb4 axb4 17. Bxb5 Bg4 18. e5 Bxf3 19. gxf3 e6 20. Bc6 Ra7 21. Rc4 Qa5 22. O-O Rd8 23. Qxb4 Qxa2 24. Qb6 Rf8 25. f4 Ra6 26. Qb5 Ra5 27. Qb7 Ra7 28. Qb4 Qe2 29. Bg2 Qg4 30. Qd2 Bh6 31. d5 exd5 32. Qxd5 Rd7 33. h3 Qxh3 34. Bxh3 Rxd5 35. Rb1 Rb5 36. b4 Rb6 37. b5 Rd8 38. Kg2 Bf8 39. Rc6 Rdb8 40. Rxb6 Rxb6 41. Bd7 Bc5 42. Rc1 Bd4 43. Rc8+ Kg7 44. Bc6 g5 45. Rc7 gxf4 46. e6 f3+ 47. Kxf3 Rb8 48. e7 Be5 49. Ra7 1-0

[Event "ChessKid Cup Play-In"]
[Site "chess.com INT"]
[Date "2023.05.01"]
[Round "9.42"]
[White "Mekhitarian, K."]
[Black "Sarana, A."]
[Result "1-0"]
[WhiteElo "2537"]
[BlackElo "2685"]
[PlyCount "67"]
[EventDate "2023.05.01"]

1. Nf3 d5 2. c4 d4 3. b4 g6 4. g3 Bg7 5. d3 e5 6. Bg2 Ne7 7. O-O h5 $146 ({RR} 7... c5 8. bxc5 Na6 9. Nbd2 Nxc5 10. Ba3 Qc7 11. Rb1 O-O 12. Ng5 Rb8 13. Nge4 Nxe4 14. Nxe4 Rd8 15. Qa4 b6 16. Rfc1 a6 17. Bb4 f5 18. Qa3 fxe4 19. Bxe7 Rd7 20. Bg5 h6 21. Bd2 exd3 22. exd3 {Jansa,V-Schmid,L Siegburg/Bad Godesberg 1969 ½-½}) ({RR} 7... a5 8. bxa5 Rxa5 9. Nbd2 O-O 10. a4 Bd7 11. Qb3 b6 12. Ba3 Na6 13. Ne4 Kh8 14. Qb2 h6 15. Rfb1 Re8 16. Ned2 Rxa4 17. Nb3 c5 18. Ne1 Bc6 19. Nd2 Nb4 20. Bxb4 Rxb4 21. Qc1 Bxg2 22. Kxg2 {Praggnanandhaa,R (2608)-Korobov,A (2688) Chess.com INT 2020 ½-½ (68)}) ({RR} 7... a5 8. bxa5 Rxa5 9. Nbd2 O-O 10. Nb3 Ra7 11. a4 b6 12. a5 bxa5 13. Rxa5 Rxa5 14. Nxa5 c5 15. Nb3 Qb6 16. Ba3 Na6 17. Nfd2 Nb4 18. Nxc5 Qxc5 19. Qb3 Nec6 20. Rb1 Bg4 21. f3 Bf5 22. Bxb4 {LABOG,E (2291)-Keller,P (2308) chess.com INT 2025 1-0 (57)}) 8. Nbd2 Nd7 9. a4 Nf5 10. Ne4 h4 11. b5 h3 12. Bh1 Nf6 13. Bg5 Qe7 14. a5 Nd6 15. Nfd2 Qe6 16. Bxf6 Bxf6 17. a6 Rb8 18. axb7 Bxb7 19. Nc5 Qc8 20. Nxb7 Nxb7 21. Rxa7 Nd8 22. Bd5 O-O 23. Ne4 Be7 24. f4 exf4 25. Rxf4 Kg7 26. Qa1 Ne6 27. Bxe6 Qxe6 28. Qxd4+ Kg8 29. Rxc7 Rbd8 30. Rxe7 Qxe7 31. Nf6+ Kg7 32. Ne8+ Kh6 33. Rh4+ Kg5 34. Qf4# 1-0

[Event "ChessKid Cup Play-In"]
[Site "chess.com INT"]
[Date "2023.05.01"]
[Round "9.43"]
[White "Bachmann, Ax"]
[Black "Ghosh, D."]
[Result "1-0"]
[WhiteElo "2604"]
[BlackElo "2565"]
[PlyCount "51"]
[EventDate "2023.05.01"]

1. Nf3 d5 2. e3 Nf6 3. c4 e6 4. b3 b6 5. cxd5 exd5 6. Bb2 Bb7 7. Nc3 Nbd7 8. Rc1 a6 9. Ne2 Bd6 10. Ned4 $146 ({RR} 10. g3 O-O 11. Bg2 Re8 12. O-O c5 13. d4 c4 14. bxc4 dxc4 15. Rxc4 Bd5 16. Nd2 Bxc4 17. Nxc4 Bc7 18. Bxa8 Qxa8 19. Nd2 Qd5 20. Nc3 Qa5 21. e4 Bb8 22. e5 Nd5 23. Qb3 Nxc3 24. Bxc3 Qb5 {Favaloro,A (2356)-Derylo,K (2126) Imola 2021 1-0}) 10... c5 11. Nf5 Bf8 12. Be2 g6 13. Ng3 h5 14. h4 Bd6 15. O-O O-O 16. Ng5 Qe7 17. f4 Rae8 18. Qc2 d4 19. Rce1 Nd5 20. Bxh5 N7f6 21. Bxg6 fxg6 22. Qxg6+ Kh8 23. Nf5 Qd7 24. exd4 c4 25. Nxd6 Qxd6 26. Rxe8 1-0

[Event "ChessKid Play-In Match"]
[Site "chess.com INT"]
[Date "2023.05.01"]
[Round "1.3"]
[White "Bachmann, Ax"]
[Black "Harikrishna, P."]
[Result "1-0"]
[WhiteElo "2604"]
[BlackElo "2704"]
[PlyCount "71"]
[EventDate "2023.05.01"]

1. Nf3 d5 2. g3 g6 3. Bg2 Bg7 4. O-O e5 5. c4 c6 6. d3 Ne7 7. Nc3 O-O 8. Bg5 ({RR} 8. Qb3 h6 9. Bd2 Kh7 10. Rfd1 d4 11. Na4 Nd7 12. e3 dxe3 13. Bxe3 Nf5 14. Bd2 Nd4 15. Nxd4 exd4 16. Re1 Ne5 17. Bf4 Re8 18. Bxe5 Rxe5 19. Rxe5 Bxe5 20. Re1 Bg7 21. Qb4 Bf8 22. Qd2 Bf5 {Nakamura,H (2788)-Goryachkina,A (2553) chess.com INT 2024 1-0 (49)}) 8... Be6 9. Qb3 f6 $146 ({RR} 9... dxc4 10. Qxb7 Nd7 11. dxc4 f6 12. Be3 Rb8 13. Qa6 Rxb2 14. Rfd1 Qc7 15. Qa3 Nf5 16. Qxb2 Nxe3 17. fxe3 Bh6 18. Kh1 Bxe3 19. Qa3 Bc5 20. Rxd7 Qb6 21. Na4 Bxa3 22. Nxb6 axb6 23. Rc7 Bxc4 24. Rxc6 {Donchenko,A (2648)-Svane,R (2613) Playchess.com INT 2020 1-0 (54)}) 10. Bd2 Qd7 11. Rfd1 Na6 12. Qa3 Rfe8 13. Rac1 Bf8 14. b4 Nf5 15. cxd5 cxd5 16. e4 Bxb4 17. Qb2 dxe4 18. Nxe4 Be7 19. Bc3 Nc7 20. d4 Rad8 21. Rd2 exd4 22. Nxd4 Nxd4 23. Bxd4 Nd5 24. Bxf6 Bf5 25. Bxe7 Qxe7 26. Rxd5 Bxe4 27. Rxd8 Qxd8 28. Bxe4 Rxe4 29. Qxb7 Re7 30. Qf3 Qf8 31. Qg4 Qf7 32. Rc8+ Kg7 33. Qd4+ Kh6 34. h4 Re1+ 35. Kh2 Qf3 36. Qd2+ 1-0

[Event "Olympic Esports Prelims"]
[Site "chess.com INT"]
[Date "2023.05.05"]
[Round "3.1"]
[White "Amin, B."]
[Black "Rakhmanov, Ale"]
[Result "1-0"]
[WhiteElo "2691"]
[BlackElo "2632"]
[PlyCount "95"]
[EventDate "2023.05.04"]

1. Nf3 d5 2. g3 g6 3. c4 c6 4. Qa4 d4 5. b4 Bg7 6. d3 Nh6 7. Bg2 O-O 8. O-O Nf5 9. Nbd2 Nd7 10. c5 $146 ({RR} 10. Rb1 a6 11. Qc2 a5 12. a3 Ra7 13. c5 axb4 14. axb4 Nf6 15. Nc4 Nd5 16. Bd2 Nc7 17. Nb6 Be6 18. Ng5 Bd5 19. Ne4 Ra2 20. Rb2 Ra3 21. Nxd5 cxd5 22. Ng5 Qd7 23. Nh3 {½-½ (23) Prusikin,M (2526)-Milov,L (2458) Germany 2017}) 10... a5 11. Nc4 Ra6 12. bxa5 Nxc5 13. Qb4 Ne6 14. a4 Nc7 15. Nb6 Nd5 16. Nxd5 Qxd5 17. Bd2 Qd6 18. Rfc1 h5 19. Rab1 Rd8 20. Qb3 Ra7 21. Bf4 Qd5 22. Bc7 Qxb3 23. Rxb3 Rd5 24. Nd2 Rd7 25. Bb6 Ra8 26. Ne4 e5 27. Nc5 Re7 28. a6 bxa6 29. Bd8 Rea7 30. Bxc6 Bf8 31. Bxa8 Rxa8 32. Bc7 f6 33. Rb8 Rxb8 34. Bxb8 Kf7 35. a5 Ng7 36. Ne4 Bd7 37. Bd6 Bxd6 38. Nxd6+ Ke6 39. Ne4 Bb5 40. Rc7 Ne8 41. Rb7 f5 42. Rb6+ Kd5 43. Nf6+ Nxf6 44. Rxf6 e4 45. dxe4+ fxe4 46. Kf1 e3 47. fxe3 dxe3 48. Rxg6 1-0

[Event "Titled Tue 2nd May Early"]
[Site "chess.com INT"]
[Date "2023.05.02"]
[Round "4"]
[White "Dardha, Daniel"]
[Black "Prohaszka, P2."]
[Result "1-0"]
[WhiteElo "2631"]
[BlackElo "2585"]
[PlyCount "103"]
[EventDate "2023.05.02"]

1. Nf3 d5 2. c4 c6 3. e3 Nf6 4. b3 Bf5 5. Bb2 e6 6. Be2 Nbd7 7. Nh4 Be4 ({RR} 7... Bg6 8. Nc3 Bd6 9. d4 Qe7 10. g3 Rd8 11. O-O O-O 12. Nxg6 hxg6 13. a3 dxc4 14. bxc4 e5 15. d5 cxd5 16. cxd5 Nc5 17. Qc2 e4 18. a4 b6 19. Rfd1 Be5 20. a5 Rd6 21. axb6 axb6 22. Bc4 {Maksimovic,B (2455)-Goryachkina,A (2610) Chess.com INT 2022 1-0 (61)}) 8. d3 ({RR} 8. f3 Bg6 9. O-O Bd6 10. Nxg6 hxg6 11. g3 Qc7 12. f4 e5 13. d3 Kd8 14. Nd2 Kc8 15. Nf3 exf4 16. exf4 Ng4 17. Qd2 Ndf6 18. Kg2 Bc5 19. Nd4 Rxh2+ 20. Kf3 Qe7 21. Rae1 Qe4+ 22. dxe4 dxe4# {Patel,M (2025)-Bahmani,K (2207) chess.com INT 2025 0-1}) 8... Bg6 9. Nc3 $146 ({RR} 9. Nxg6 hxg6 10. Nd2 Bd6 11. Nf3 Qa5+ 12. Kf1 e5 13. Qd2 Qb6 14. d4 Ne4 15. Qc2 f6 16. c5 Ndxc5 17. dxc5 Bxc5 18. Bd3 Nd6 19. Bxg6+ Ke7 20. Rc1 Bb4 21. a3 Bxa3 22. Bxa3 Qa6+ 23. Kg1 Qxa3 {Richter,N (2294)-Shapiro,D (2395) Chess.com INT 2021 0-1 (51)}) 9... Bd6 10. g3 a6 11. Nxg6 hxg6 12. d4 Qe7 13. a3 O-O-O 14. c5 Bc7 15. b4 e5 16. a4 exd4 17. exd4 Ne4 18. Nxe4 Qxe4 19. O-O g5 20. Bd3 Qe6 21. Qf3 g4 22. Qg2 Rh3 23. Rfe1 Qh6 24. Bc1 Qh5 25. b5 Rh8 26. bxa6 Rxh2 27. Re8+ Rxe8 28. Qxh2 Re1+ 29. Kg2 Qxh2+ 30. Kxh2 bxa6 31. Bxa6+ Kb8 32. Rb1+ Ka7 33. Rb7+ Kxa6 34. Rxc7 Nf6 35. Be3 Ne4 36. Rxc6+ Ka5 37. Rc7 Kxa4 38. Rxf7 Re2 39. Kg2 Nd2 40. Bxd2 Rxd2 41. Rxg7 Rxd4 42. c6 Kb5 43. c7 Rc4 44. Rxg4 Rxc7 45. Rg8 Rd7 46. Kf1 Kc4 47. Ke2 Ra7 48. Rc8+ Kd4 49. Kf3 Rf7+ 50. Kg2 Kd3 51. Rd8 d4 52. f4 1-0

[Event "Titled Tue 2nd May Early"]
[Site "chess.com INT"]
[Date "2023.05.02"]
[Round "7"]
[White "Lenderman, A."]
[Black "Tristan, L."]
[Result "1-0"]
[WhiteElo "2572"]
[BlackElo "2545"]
[PlyCount "85"]
[EventDate "2023.05.02"]

1. Nf3 d5 2. e3 Nf6 3. c4 e6 4. Nc3 dxc4 5. Bxc4 a6 6. O-O b5 7. Bb3 ({RR} 7. Be2 Bb7 8. a4 b4 9. Nb1 c5 10. d3 Be7 11. Nbd2 O-O 12. Nc4 Nc6 13. Qc2 a5 14. e4 Qc7 15. h3 Nd7 16. Be3 Ba6 17. Ncd2 Rac8 18. Rac1 Qb6 19. Nb3 Nd4 20. Bxd4 cxd4 21. Qb1 Nc5 {Caruana,F (2766)-Giri,A (2764) Wijk aan Zee NED 2023 ½-½ (31)}) ({RR} 7. Be2 Bb7 8. b3 Be7 9. Bb2 O-O 10. Rc1 c5 11. d4 Nbd7 12. a4 b4 13. Nb1 Rc8 14. Nbd2 Nd5 15. Nc4 Rc7 16. Nfe5 Nxe5 17. dxe5 Qb8 18. Qc2 Rd8 19. Rfd1 h6 20. Rd2 Rcd7 21. Rcd1 Qc7 {Srihari,L (2366)-Deac,B (2692) chess.com INT 2025 0-1 (32)}) 7... Bb7 8. d4 Be7 9. Re1 $146 ({RR} 9. Qe2 b4 10. Na4 Nbd7 11. Rd1 O-O 12. Bd2 Qb8 13. Rac1 Rd8 14. Be1 a5 15. Nd2 c5 16. dxc5 Bc6 17. Nf3 Bb5 18. Qc2 Rc8 19. Nd4 Nxc5 20. Nxb5 Qxb5 21. Nxc5 Rxc5 22. Qb1 Rac8 23. Rxc5 Qxc5 {Pultinevicius,P (2596)-Song,J (2313) Riga LAT 2024 ½-½ (33)}) 9... O-O 10. e4 c5 11. e5 Nd5 12. Nxd5 Bxd5 13. dxc5 Bxb3 14. Qxb3 Nd7 15. c6 Nc5 16. Qc2 Qd3 17. Qxd3 Nxd3 18. Rd1 Nb4 19. c7 Rfc8 20. Rd7 Nd5 21. Bg5 Bxg5 22. Nxg5 Rxc7 23. Rxc7 Nxc7 24. Rc1 Nd5 25. h4 h6 26. Ne4 Nb4 27. Rc7 Nd3 28. Nd6 Nxe5 29. f4 Ng6 30. g3 Rd8 31. Nxf7 Rd1+ 32. Kg2 Rd2+ 33. Kh3 Rxb2 34. h5 Nh8 35. Nd8 Re2 36. Re7 Kf8 37. Ra7 e5 38. Ne6+ Ke8 39. Nxg7+ Kd8 40. f5 e4 41. Ne6+ Ke8 42. f6 Nf7 43. Re7# 1-0

[Event "Titled Tue 2nd May Early"]
[Site "chess.com INT"]
[Date "2023.05.02"]
[Round "8"]
[White "Andreikin, D."]
[Black "Suleymanli, Aydin"]
[Result "1-0"]
[WhiteElo "2729"]
[BlackElo "2560"]
[PlyCount "101"]
[EventDate "2023.05.02"]

1. Nf3 d5 2. e3 Nf6 3. c4 g6 4. cxd5 Nxd5 5. d4 Bg7 6. e4 Nb6 7. h3 ({RR} 7. Be2 O-O 8. O-O c5 9. d5 e6 10. Nc3 exd5 11. exd5 Bxc3 12. bxc3 Qxd5 13. Nd2 Qe5 14. a4 Rd8 15. Ra3 Nc6 16. a5 Nd5 17. Nc4 Qf6 18. Qb3 Nf4 19. Bf3 Be6 20. Qb5 a6 21. Qa4 Rd3 {Grischuk,A (2772)-Mamedyarov,S (2799) Riadh 2017 ½-½ (87)}) ({RR} 7. Nc3 Bg4 8. Be3 Bxf3 9. gxf3 O-O 10. f4 e6 11. Bg2 Nc4 12. O-O c5 13. e5 Nc6 14. dxc5 g5 15. Qe2 gxf4 16. Qxc4 fxe3 17. f4 Qh4 18. Qe4 Rad8 19. Qxe3 Nd4 20. Rad1 Nf5 21. Qf2 Qg4 {Mica,M (2333)-Jirousek,J (2035) Czech Republic CZE 2025 1-0 (40)}) 7... O-O 8. Nc3 c5 9. d5 Bxc3+ $146 ({RR} 9... e6 10. d6 N6d7 11. Be3 b6 12. h4 Nc6 13. Bg5 f6 14. Be3 Nde5 15. h5 Nf7 16. hxg6 hxg6 17. Nh4 Qxd6 18. Nxg6 Qxd1+ 19. Rxd1 Rd8 20. Bb5 Rxd1+ 21. Kxd1 Nd4 22. Bxd4 cxd4 23. Bc6 Rb8 24. Nb5 {Indjic,A (2612)-Pacher,M (2378) Hungary 2022 1-0 (45)}) 10. bxc3 e6 11. Bg5 f6 12. Be3 exd5 13. exd5 Qxd5 14. Qxd5+ Nxd5 15. Bc4 Be6 16. O-O-O Nc7 17. Bxe6+ Nxe6 18. Rd6 Re8 19. Rhd1 Nc6 20. Rd7 b6 21. Nd2 Nf8 22. Rd6 Na5 23. Rxf6 Rad8 24. Bh6 Nd7 25. Rf4 Ne5 26. Ne4 Nd3+ 27. Rxd3 Rxd3 28. Nf6+ Kf7 29. Nxh7+ Ke7 30. Re4+ Kd8 31. Bg5+ Kd7 32. Nf6+ Kc6 33. Rxe8 Rxc3+ 34. Kb1 Nc4 35. Re2 b5 36. Ne4 Rd3 37. Kc2 Rd4 38. Nd2 Na3+ 39. Kb2 b4 40. Nb3 Rd3 41. Re3 Rd5 42. Re4 Rxg5 43. g4 Kb5 44. f4 Rd5 45. Re6 c4 46. Re5 Rxe5 47. fxe5 cxb3 48. axb3 Kc6 49. h4 Nb5 50. h5 gxh5 51. gxh5 1-0

[Event "Titled Tue 2nd May Early"]
[Site "chess.com INT"]
[Date "2023.05.02"]
[Round "8"]
[White "Nakamura, Hi"]
[Black "Chigaev, M."]
[Result "1-0"]
[WhiteElo "2775"]
[BlackElo "2628"]
[PlyCount "187"]
[EventDate "2023.05.02"]

1. Nf3 Nf6 2. e3 g6 3. b3 Bg7 4. Bb2 O-O 5. d4 c5 6. dxc5 Qa5+ 7. c3 Qxc5 8. Ba3 Qb6 9. Bxe7 Re8 10. Bxf6 Bxf6 11. Be2 d5 ({RR} 11... Nc6 12. O-O Qc7 13. Nd4 d5 14. Na3 Be5 15. g3 h5 16. Bf3 h4 17. Nab5 Qd8 18. Bg2 a6 19. Nxc6 bxc6 20. Nd4 Bd7 21. Rc1 Kg7 22. c4 hxg3 23. hxg3 Qf6 24. cxd5 cxd5 25. Rc5 Rad8 26. Rxd5 {Nakamura,H (2802)-Mohamed,A (2354) chess.com INT 2025 1-0 (44)}) 12. O-O Nc6 13. Nd4 h5 $146 ({RR} 13... Be6 14. Nd2 Rac8 15. N2f3 Ne5 16. Qd2 a6 17. Rac1 Rc5 18. Nxe6 Qxe6 19. Nd4 Qb6 20. Rfd1 Rec8 21. h3 Qc7 22. Bf1 Rxc3 23. Ne2 Rc6 24. Qxd5 Kg7 25. Qd2 Rc2 26. Rxc2 Qxc2 27. Nd4 Qxd2 28. Rxd2 {Nakamura,H (2736)-Rustemov,A (2525) Chess.com INT 2022 1-0 (33)}) 14. Nd2 Bd7 15. N2f3 Rad8 16. Qd2 Kg7 17. Rfd1 a6 18. Rac1 Bc8 19. Ne1 Ne5 20. Nd3 Ng4 21. Nf4 Be5 22. h3 Nf6 23. Nd3 Ne4 24. Qe1 Bf6 25. Bf1 g5 26. Ne2 Bf5 27. g3 Qe6 28. Kh2 Bg6 29. Bg2 b5 30. Nb4 a5 31. Nc2 h4 32. g4 Nxc3 33. Nxc3 Qe5+ 34. Kg1 Qxc3 35. Qxc3 Bxc3 36. Nd4 b4 37. Nb5 d4 38. exd4 Re2 39. Nxc3 bxc3 40. Rxc3 Rxa2 41. Rc5 Kh6 42. d5 Ra3 43. d6 Rxb3 44. d7 Rb1 45. Rxb1 Bxb1 46. Bc6 Ba2 47. Rxa5 Be6 48. Ba4 Kg6 49. f3 Kf6 50. Kf2 Bxd7 51. Rd5 Ke6 52. Bb3 Kf6 53. Bd1 Kg6 54. Be2 Kf6 55. Bd3 Ke7 56. Rxg5 Bxg4 57. hxg4 Rxd3 58. Rh5 Rd2+ 59. Ke3 Rh2 60. Rh6 Rh1 61. Kf4 Kf8 62. Kg5 Kg7 63. Rxh4 Ra1 64. Kf4 Ra4+ 65. Kg3 Rb4 66. Rh5 Ra4 67. Rc5 Rb4 68. Rf5 Ra4 69. Kh4 Rb4 70. Kg5 Rb6 71. Rc5 Rg6+ 72. Kf4 Ra6 73. Kg3 Ra4 74. f4 Ra3+ 75. Kh4 Rd3 76. Kg5 Rd6 77. f5 Ra6 78. Rc7 Rb6 79. Kh5 Rh6+ 80. Kg5 Rb6 81. Rc4 Ra6 82. Kf4 f6 83. Kg3 Kh6 84. Kh4 Ra1 85. Rc8 Rh1+ 86. Kg3 Rg1+ 87. Kf3 Rf1+ 88. Kg2 Ra1 89. Rg8 Ra4 90. Rg6+ Kh7 91. Kg3 Ra6 92. Kh4 Rb6 93. Kh5 Ra6 94. g5 1-0

[Event "Titled Tue 2nd May Late"]
[Site "chess.com INT"]
[Date "2023.05.02"]
[Round "5"]
[White "Nakamura, Hi"]
[Black "Kovalenko, I."]
[Result "1-0"]
[WhiteElo "2775"]
[BlackElo "2674"]
[PlyCount "129"]
[EventDate "2023.05.02"]

1. Nf3 d5 2. e3 c6 3. c4 e6 4. d4 Nd7 5. Bd3 g6 $146 ({RR} 5... f5 6. cxd5 cxd5 7. O-O Bd6 8. Nc3 Nh6 9. Bd2 O-O 10. Nb5 Nf7 11. Qb3 Bb8 12. Bb4 Re8 13. a4 a6 14. Nc3 g5 15. Ne1 Nf6 16. Ne2 Ng4 17. g3 h5 18. Ng2 h4 19. f3 Nf6 20. gxh4 {Markovic,M-Popov,V Sofia 1947 1-0 (31)}) ({RR} 5... Ngf6 6. b3 Ne4 7. Bb2 Bd6 8. O-O O-O 9. Qc2 f5 10. Nc3 Qf6 11. Ne2 g5 12. g3 a5 13. a4 Qg6 14. Ba3 Bb4 15. Bxb4 axb4 16. Qc1 b6 17. cxd5 exd5 18. Qb2 Ra5 19. Rfc1 Qh5 20. Kg2 {Jin,A (2618)-Anton Guijarro,D (2935) Chess.com 2024 0-1}) ({RR} 5... f5 6. O-O Ngf6 7. b3 Ne4 8. Ba3 Bxa3 9. Nxa3 Qe7 10. Nc2 O-O 11. b4 b6 12. a4 a5 13. b5 Bb7 14. cxd5 cxd5 15. Qc1 Rac8 16. Qa3 Qxa3 17. Rxa3 Rc7 18. Rfa1 Rfc8 19. Nce1 h6 20. R1a2 {Aradhya,G (2359)-Henriquez Villagra,C (2597) chess.com INT 2025 0-1 (31)}) 6. e4 dxe4 7. Bxe4 Bg7 8. O-O Ne7 9. Bf4 O-O 10. Nc3 b6 11. Nb5 Nf6 12. Nd6 Nxe4 13. Nxe4 Nf5 14. c5 Ba6 15. Re1 Nxd4 16. Bd6 Nxf3+ 17. Qxf3 Re8 18. Rad1 Bc4 19. Be5 Bd5 20. Bxg7 Kxg7 21. Qc3+ f6 22. a3 bxc5 23. Nxc5 e5 24. b4 Qe7 25. f4 e4 26. Rd4 Qd6 27. g3 Qe7 28. Nxe4 Bxe4 29. Rdxe4 Qxe4 30. Rxe4 Rxe4 31. Qxc6 Rae8 32. Qa6 R8e7 33. Kf2 f5 34. Qd3 Kh6 35. b5 R7e6 36. Kf3 Re7 37. h3 Kg7 38. g4 fxg4+ 39. hxg4 Re1 40. a4 R1e6 41. a5 Rf7 42. Qd4+ Kg8 43. Kg3 Ref6 44. b6 axb6 45. a6 Rc6 46. Kh4 Rc5 47. Qd8+ Kg7 48. Qxb6 Rcc7 49. Qd4+ Kf8 50. Kg5 Rfd7 51. Qh8+ Ke7 52. Qxh7+ Kd6 53. Qxg6+ Kc5 54. Qc2+ Kb6 55. Qb2+ Kxa6 56. f5 Rg7+ 57. Kh4 Rh7+ 58. Kg3 Rb7 59. Qa2+ Kb5 60. Qd5+ Kb6 61. f6 Rbd7 62. Qe6+ Kc7 63. g5 Rd6 64. Qe5 Kd7 65. Qf5+ 1-0

[Event "TCh-RUS Premier 2023"]
[Site "Sochi RUS"]
[Date "2023.05.08"]
[Round "7.5"]
[White "Ponkratov, P."]
[Black "Smirnov, P."]
[Result "1-0"]
[WhiteElo "2580"]
[BlackElo "2545"]
[PlyCount "69"]
[EventDate "2023.05.01"]
[EventType "team"]
[WhiteTeam "Shakhmatnaya sbornaya Moskvy (Moskva)"]
[BlackTeam "Moskovskaya oblast (Moskovskaya oblast)"]

1. Nf3 Nf6 2. g3 d5 3. Bg2 e6 4. O-O Be7 5. d4 O-O 6. c4 dxc4 7. Qc2 a6 8. a4 Bd7 9. Qxc4 Bc6 10. Nbd2 ({RR} 10. Qc2 Be4 11. Qd1 c5 12. dxc5 Bxc5 13. Nc3 Bc6 14. Bg5 Nbd7 15. Ne1 Bxg2 16. Kxg2 h6 17. Bxf6 Nxf6 18. Qxd8 Rfxd8 19. Nd3 Bd4 20. Rfc1 Rac8 21. Nd1 Kf8 22. f3 Nd5 23. f4 Ne3+ 24. Nxe3 Bxe3 {Meier,G (2628)-Dominguez Perez,L (2739) Chess.com INT 2018 ½-½ (59)}) 10... a5 ({RR} 10... Bd5 11. Qc2 Nc6 12. Rd1 Nxd4 13. Nxd4 Bxg2 14. Kxg2 Qxd4 15. Qxc7 Nd5 16. Qc4 Qf6 17. e4 Rac8 18. Qb3 Nb4 19. Nf3 Rfd8 20. Bg5 Qxf3+ 21. Qxf3 Bxg5 22. Rxd8+ Rxd8 23. Rd1 Rf8 24. Rd7 b6 25. Qc3 {Wanyama,H (2135)-Belov,A (2421) chess.com INT 2025 1-0}) 11. Re1 Na6 12. e4 Nd7 $146 ({RR} 12... Nb4 13. Ne5 Ra6 14. b3 Rb6 15. Bb2 Nd7 16. Nd3 Nxd3 17. Qxd3 Nc5 18. Qc2 Na6 19. Nc4 Nb4 20. Qc3 Ra6 21. d5 Bf6 22. e5 Nxd5 23. Qd2 Be7 24. Qe2 Bb4 25. Red1 Qe7 26. Rac1 Rd8 27. Qg4 {Kulon,K (2363)-Morris Suzuki,S (2043) Chess.com INT 2021 1-0 (50)}) 13. b3 Nb4 14. Bb2 b6 15. Qc3 Bb7 16. Nc4 Nf6 17. Nfe5 c5 18. dxc5 bxc5 19. g4 Nc6 20. Nxc6 Bxc6 21. g5 Ne8 22. Rad1 Qc7 23. Ne5 Rb8 24. h4 Rb4 25. Re3 c4 26. Ba1 Bc5 27. Re2 Bb7 28. bxc4 Rxa4 29. Nd7 Ba6 30. Nxf8 Kxf8 31. Red2 Bxc4 32. Rd8 Ke7 33. Qe5 Nd6 34. Qf6+ gxf6 35. Bxf6# 1-0

[Event "ch-CZE 2023"]
[Site "Bystrice nad Pernstejnem CZE"]
[Date "2023.05.14"]
[Round "6.5"]
[White "Stocek, J."]
[Black "Babula, Vlastimil Sr"]
[Result "1-0"]
[WhiteElo "2525"]
[BlackElo "2532"]
[PlyCount "75"]
[EventDate "2023.05.09"]

1. Nf3 c5 2. c4 Nc6 3. Nc3 e5 4. e3 Nf6 5. d4 e4 6. Ne5 g6 7. Rb1 Bg7 8. Nxc6 dxc6 9. dxc5 Qxd1+ 10. Kxd1 Bf5 $146 ({RR} 10... O-O 11. h3 Re8 12. Kc2 Nd7 13. b4 Ne5 14. Bb2 Be6 15. Nxe4 Bf5 16. f3 Bxe4+ 17. fxe4 Nd7 18. Bd3 a5 19. a3 axb4 20. Bxg7 Kxg7 21. axb4 Ra2+ 22. Rb2 Rea8 23. Rd1 Ne5 24. Bf1 Kf6 25. Rxa2 {Potkin,V (2574)-Minko,V (2381) Riadh 2017 1-0 (50)}) 11. h3 h5 12. Bd2 Nd7 13. Na4 O-O 14. Kc2 Rfe8 15. Be2 h4 16. Rhd1 Bf8 17. b4 b6 18. Bc3 bxc5 19. Nxc5 Bxc5 20. bxc5 Nxc5 21. Bf6 Nd3 22. Bxh4 Re5 23. g4 Be6 24. Bxd3 exd3+ 25. Kxd3 g5 26. Bg3 Rc5 27. Bb8 Rxc4 28. Rd2 a5 29. Rbb2 Kh7 30. f4 gxf4 31. exf4 Ra4 32. f5 Bxa2 33. Rxa2 Rxa2 34. Rxa2 Rxb8 35. Rxa5 Rb3+ 36. Ke4 Rxh3 37. Ra7 Rg3 38. Kf4 1-0

[Event "Titled Tue 9th May Early"]
[Site "chess.com INT"]
[Date "2023.05.09"]
[Round "4"]
[White "Mekhitarian, K."]
[Black "Martinez Alcantara, Jose Eduardo"]
[Result "1-0"]
[WhiteElo "2537"]
[BlackElo "2619"]
[PlyCount "109"]
[EventDate "2023.05.09"]

1. Nf3 c5 2. c4 Nc6 3. Nc3 g6 4. e3 Bg7 5. d4 d6 6. d5 Ne5 7. Nxe5 Bxe5 8. Be2 Bg7 9. O-O Nf6 10. e4 O-O 11. Be3 ({RR} 11. Bg5 e6 12. dxe6 Bxe6 13. f4 Qd7 14. Qd2 Bg4 15. Bd3 h6 16. Bxf6 Bxf6 17. f5 Kh7 18. h3 Bh5 19. g4 gxf5 20. exf5 Rg8 21. Nd5 Qd8 22. Kh1 Bxg4 23. hxg4 Rxg4 24. Rf4 Rg3 25. Rg1 Rxg1+ {Ben Ari,Y (2467)-Ben Artzi,I (2333) Israel ISR 2025 1-0 (36)}) ({RR} 11. f4 e6 12. Bf3 exd5 13. cxd5 Re8 14. Re1 Nd7 15. Be3 a6 16. a4 Rb8 17. a5 b5 18. axb6 Rxb6 19. Ra2 Rb4 20. Bf2 f5 21. exf5 gxf5 22. Qd2 Rxe1+ 23. Qxe1 Nf6 24. g3 h6 25. h3 Kh7 {Lamaze,S (2410)-Martinez Alcantara,J (2619) chess.com INT 2023 1-0 (143)}) 11... e5 $146 ({RR} 11... a6 12. a4 e6 13. Qd2 exd5 14. exd5 Re8 15. h3 Bf5 16. Rfe1 Ne4 17. Nxe4 Bxe4 18. Bf1 Bf5 19. a5 Qf6 20. Ra2 h5 21. Rc1 Rac8 22. b4 cxb4 23. Qxb4 Rxe3 24. fxe3 Bh6 25. Ra3 Qe7 26. Re1 {Speelman,J (2507)-Gharamian,T (2623) London 2017 1-0 (58)}) 12. a3 a5 13. Rb1 b6 14. b4 axb4 15. axb4 Nd7 16. bxc5 Nxc5 17. Qc2 f5 18. f3 Bd7 19. Ra1 Qc7 20. Rfb1 Bf6 21. Qb2 Rxa1 22. Rxa1 Rb8 23. Qc2 Kg7 24. Nb5 Bxb5 25. cxb5 Rc8 26. exf5 e4 27. Rf1 Re8 28. fxg6 exf3 29. Rxf3 Rxe3 30. Rxe3 Bd4 31. Qd2 Nb3 32. Qd3 Qc5 33. Qxb3 Bxe3+ 34. Kf1 hxg6 35. Qd3 Bd4 36. g3 Qxd5 37. Bf3 Qc5 38. Kg2 Qb4 39. Qe4 Qd2+ 40. Qe2 Qg5 41. Be4 Qe5 42. Bd3 Be3 43. Qf3 d5 44. Qg4 Qd6 45. h4 Qf6 46. Kh3 d4 47. Qe4 Kh6 48. Qg4 Kg7 49. h5 Qf7 50. hxg6 Qf6 51. Qh5 Kf8 52. Qg4 Kg7 53. Qd7+ Kh6 54. Qh7+ Kg5 55. Qh4# 1-0

[Event "Titled Tue 9th May Early"]
[Site "chess.com INT"]
[Date "2023.05.09"]
[Round "7"]
[White "Matlakov, M."]
[Black "Livaic, Leon"]
[Result "1-0"]
[WhiteElo "2662"]
[BlackElo "2579"]
[PlyCount "41"]
[EventDate "2023.05.09"]

1. Nf3 Nf6 2. g3 g6 3. Bg2 Bg7 4. O-O O-O 5. d4 d6 6. Re1 d5 7. Nc3 c6 8. e4 Nxe4 9. Nxe4 dxe4 10. Rxe4 Bf5 ({RR} 10... Nd7 11. Bg5 Nf6 12. Re1 Bg4 13. c3 Re8 14. Qb3 Bxf3 15. Bxf3 Qd7 16. Kg2 e6 17. Rad1 a5 18. a4 Nd5 19. h4 h6 20. Bc1 h5 21. Qc2 b5 22. Qb3 Rab8 23. Qa2 b4 24. c4 b3 25. Qa3 {Srihari,L (2503)-Sjugirov,S (2637) chess.com INT 2024 0-1 (42)}) 11. Re1 Bg4 12. c3 e5 $146 ({RR} 12... Nd7 13. Qb3 Nb6 14. h3 Bxf3 15. Bxf3 Re8 16. a4 Qd7 17. a5 Nd5 18. Bg2 e6 19. Bd2 Rad8 20. Rad1 Qc7 21. Bg5 Rd7 22. Qa4 h6 23. Bc1 Red8 24. Bf3 b5 25. axb6 axb6 26. Kg2 b5 27. Qb3 {Popchev,M (2449)-Apicella,M (2532) St Chely d'Aubrac 2004 ½-½ (42)}) 13. Qb3 Bxf3 14. Bxf3 Qc7 15. dxe5 Nd7 16. e6 Nc5 17. exf7+ Rxf7 18. Qc4 Nd7 19. Bd5 Raf8 20. Bxf7+ Rxf7 21. Re7 1-0